Statystyki dla Największe aglomeracje w Zjednoczonym Królestwie

Kliknij tutaj aby rozwiązać quiz!

Ogólne statystyki

  • Ten quiz został rozwiązany 99 razy
  • Średni wynik to 12 z 20

Statystyki odpowiedzi

MiejsceMieszkańcyNazwa% Poprawnych
1.9 787 426Wielki Londyn
100%
2.2 553 379Wielki Manchester
94%
5.957 620Wielkie Glasgow
93%
6.864 122Aglomeracja Liverpool
89%
3.2 440 986West Midlands
87%
14.482 270Aglomeracja Edynburska
86%
17.447 287Aglomeracja Cardiff
76%
12.595 879Aglomeracja Belfast
71%
4.1 777 934West Yorkshire
71%
8.774 891Tyneside
58%
7.855 569South Hampshire
55%
11.617 280Aglomeracja Bristol
51%
9.729 977Aglomeracja Nottingham
46%
10.685 368Aglomeracja Sheffield
43%
13.508 916Aglomeracja Leicester
42%
15.474 485Aglomeracja Brighton and Hove
32%
20.359 262Aglomeracja Coventry-Bedworth
23%
16.466 266Aglomeracja Bournemouth-Poole
13%
19.372 775Aglomeracja Stoke-on-Trent
10%
18.376 633Teesside
10%

Rozkład punktacji

Percentyl według liczby udzielonych odpowiedzi

Procent ludzi z każdym wynikiem

Twoja historia wyników

Nie rozwiązałeś tego quizu